000 01773nam a22004697a 4500
001 000095409
003 CHAP
005 20250603144558.0
008 060315d2006 mx a r 00110 spa d
010 _a91875
011 _a92847
035 _a103413
040 _cCHAP
090 _aTesis
100 1 _aQuezada Daniel, Rosa María de Guadalupe.
_993269
245 1 0 _aPan y galletas enriquecidad con maíz de alta calidad proteínica (ACP) /
_c/por Rosa Ma. de Guadalupe. y Claudia U. Salgado Castro.
260 _aChapingo, Méx. :
_bEl autor,
_c2006.
300 _a106 h. :
_bilus.; gráfs.; cuadros, + anexo.
502 _aTesis (Ing. Agroindustrial ) -- UACH. Departamento de Ingeniería Agroindustrial
590 _aALEPH
_b10
_c20130110
_lUCH01
_h1510
590 _aBATCH-UPD
_b10
_c20130110
_lUCH01
_h0258
590 _aBATCH-UPD
_b10
_c20130110
_lUCH01
_h1858
590 _aBATCH-UPD
_b10
_c20130409
_lUCH01
_h2329
590 _aBATCH-UPD
_b10
_c20130410
_lUCH01
_h1411
590 _aBATCH-UPD
_b10
_c20130914
_lUCH01
_h0210
590 _aBATCH-UPD
_b10
_c20130914
_lUCH01
_h1856
590 _aBATCH-UPD
_b10
_c20140324
_lUCH01
_h1455
590 _aBATCH-UPD
_b10
_c20141002
_lUCH01
_h0829
590 _aCONVERSION
_b10
_c20130109
_lUCH01
_h1351
590 _aE12093SGE
_b10
_c20130530
_lUCH01
_h1301
650 1 4 _aAlimentos
_xPropiedades reologicas.
_94271
650 1 4 _aHarina de maíz.
_952713
650 1 4 _aHarina
_xProteínas.
_952688
650 1 4 _aPan
_xConsumo.
_985042
856 _3Finding aid
_uhttp://10.13.5.2/tesis/103413.pdf
_zTeclea aquí
901 _aBK
905 _aElisama A. H.
942 _cCD
942 _n0
949 _aTesis
_bBC
_cTES
_d00000000103413
_eTS1
_h44349
_i103413
_sb
949 _aTesis
_bBC
_cTES
_d33724000969580
_eTS2
_fc.2
_h44350
_i103413
_sb
999 _c91875
_d91875